LEADER 00908nam0-22003131i-450- 001 990003046510403321 010 $a0-19-877233-5 035 $a000304651 035 $aFED01000304651 035 $a(Aleph)000304651FED01 035 $a000304651 100 $a20000920d1984----km-y0itay50------ba 101 0 $aeng 102 $aIT 200 1 $a<>Development and Operation of Monetary Policy 1960-1983$ea Selection of Material from the Quaterly Bulletin of the Bank of England. 210 $aOxford$cClarendon Press$d1984. 215 $aVII, 194 p.$d27 cm 676 $aF/1.402 676 $aJ/2.4 676 $aJ/5 712 2$aBank of England 801 0$aIT$bUNINA$gRICA$2UNIMARC 901 $aBK 912 $a990003046510403321 952 $aJ/5 BAN$b2720$fSES 959 $aSES 996 $aDevelopment and Operation of Monetary Policy 1960-1983$9462678 997 $aUNINA DB $aING01